| 000 | 00417pab a2200157 454500 | ||
|---|---|---|---|
| 008 | 180718b2001 xxu||||| |||| 00| 0 eng d | ||
| 100 | _aMingardi, Guaracy | ||
| 245 | _aMoney and the international drug trade in Sao Paulo | ||
| 260 | _c2001 | ||
| 300 | _ap.379-86 | ||
| 362 | _aSep | ||
| 650 | _aDrug traffic - Brazil | ||
| 650 | _aDrug traffic | ||
| 773 | _aInternational Social Science Journal | ||
| 909 | _a50594 | ||
| 999 |
_c50594 _d50594 |
||